Welcome to the Holygrace Academy Library

Please use search bar below to get started

ADVANCED DIFFERENTIAL CALCULUS (Record no. 1258)

MARC details
000 -LEADER
fixed length control field 00322nam a22001337a 4500
082 ## - DEWEY DECIMAL CLASSIFICATION NUMBER
Classification number 510
Item number SHA/A
100 ## - MAIN ENTRY--AUTHOR NAME
Personal name SHARMA, J.N
245 ## - TITLE STATEMENT
Title ADVANCED DIFFERENTIAL CALCULUS
250 ## - EDITION STATEMENT
Edition statement EIGHTEENTH EDITION
260 ## - PUBLICATION, DISTRIBUTION, ETC. (IMPRINT)
Place of publication MEERUT
Name of publisher KRISHNA PRAKASHAN MEDIA
Year of publication 2002
300 ## - PHYSICAL DESCRIPTION
Number of Pages 242
650 ## - SUBJECT ADDED ENTRY--TOPICAL TERM
Topical Term MATHS REFERENCE
Geographic subdivision INDIA
942 ## - ADDED ENTRY ELEMENTS (KOHA)
Koha item type Books
Holdings
Withdrawn status Lost status Collection code Home library Current library Shelving location Date acquired Source of acquisition Cost, normal purchase price Full call number Accession Number Koha item type
    Reference Main Library Main Library SHELF-5 A REFERENCE MATHS 23/10/2006 purchase 77.00 510 SHA/A 03337 Books